Normal view
MARC view
- Michaelides, Efstathios
Entry Personal Name
001 - CONTROL NUMBER
- control field: 114643
003 - CONTROL NUMBER IDENTIFIER
- control field: NUST
005 - DATE AND TIME OF LATEST TRANSACTION
- control field: 20230912164945.0
008 - FIXED-LENGTH DATA ELEMENTS
- fixed length control field: 230912|| aca||aabn | a|a d
040 ## - CATALOGING SOURCE
- Original cataloging agency: NUST
- Transcribing agency: NUST
100 ## - HEADING--PERSONAL NAME
- Personal name: Michaelides, Efstathios
670 ## - SOURCE DATA FOUND
- Source citation: Work cat.: (NUST): Michaelides, Efstathios., Alternative energy sources /, 2012
